Fr. Conceicao Rodrigues College of Engineering

Operations and supply chain management (Record no. 22602)

MARC details
000 -LEADER
fixed length control field 00363nam a2200169Ia 4500
082 ## - DEWEY DECIMAL CLASSIFICATION NUMBER
Classification number 658.5
Item number CHA
100 ## - MAIN ENTRY--PERSONAL NAME
Personal name Chase/Richard B
250 ## - EDITION STATEMENT
Edition statement 15
245 ## - TITLE STATEMENT
Title Operations and supply chain management
260 ## - PUBLICATION, DISTRIBUTION, ETC.
Name of publisher, distributor, etc. McGraw Hill
Date of publication, distribution, etc. 2018
366 ## - TRADE AVAILABILITY INFORMATION
Publishers's discount category 20
300 ## - PHYSICAL DESCRIPTION
Extent 793
546 ## - LANGUAGE NOTE
Language note ENGLISH
650 ## - SUBJECT ADDED ENTRY--TOPICAL TERM
Topical term or geographic name entry element Supply Chain Management
942 ## - ADDED ENTRY ELEMENTS (KOHA)
Koha item type BOOK
Holdings
Withdrawn status Lost status Damaged status Not for loan Collection Home library Current library Date acquired Source of acquisition Cost, normal purchase price Inventory number Total Checkouts Full call number Barcode Date last seen Cost, replacement price Price effective from Koha item type Date due Date last checked out
        CRC Fr. Agnel's C.Rodrigues College of Engineering AGNEL TECHNICAL COLLEGE LIBRARY 17/03/2023 Shroff Publishers 676.00 03253 dt27.12.2018 1 658.5 CHA 25415 07/04/2026 845.00   BOOK 06/07/2026 07/04/2026
        CRC Fr. Agnel's C.Rodrigues College of Engineering Fr. Agnel's C.Rodrigues College of Engineering 17/03/2023 Shroff Publishers 676.00 03253 dt27.12.2018   658.5 CHA 25412 17/03/2023 845.00   BOOK    
        CRC Fr. Agnel's C.Rodrigues College of Engineering Fr. Agnel's C.Rodrigues College of Engineering 17/03/2023 Shroff Publishers 676.00 03253 dt27.12.2018   658.5 CHA 25413 17/03/2023 845.00   BOOK    
        CRC Fr. Agnel's C.Rodrigues College of Engineering Fr. Agnel's C.Rodrigues College of Engineering 17/03/2023 Shroff Publishers 676.00 03253 dt27.12.2018   658.5 CHA 25414 17/03/2023 845.00   BOOK    
        CRC Fr. Agnel's C.Rodrigues College of Engineering Fr. Agnel's C.Rodrigues College of Engineering 17/03/2023 Shroff Publishers 676.00 03253 dt27.12.2018   658.5 CHA 25416 17/03/2023 845.00   BOOK